[Event "Bundesliga 9495"]
[Site "Deutschland"]
[Date "1995.??.??"]
[Round "?.2"]
[White "Enders, Peter"]
[Black "King, Daniel J"]
[Result "1/2-1/2"]
[WhiteElo "2480"]
[BlackElo "2500"]
[PlyCount "74"]
[EventDate "1994.10.??"]
[EventType "team"]
[EventRounds "15"]
[EventCountry "GER"]
[SourceTitle "Bundesliga 9495"]
[Source "DeepChess"]
[SourceDate "2005.01.01"]
[SourceVersion "1"]
[SourceVersionDate "2005.01.01"]
[SourceQuality "1"]
[WhiteTeam "SV Erfurt West 90"]
[BlackTeam "SV Castrop Rauxel 1923"]
[WhiteTeamCountry "GER"]
[BlackTeamCountry "GER"]

1. e4 c5 2. Nf3 d6 3. d4 cxd4 4. Nxd4 Nf6 5. Nc3 a6 6. Bg5 e6 7. f4 Nc6 8. Nxc6
bxc6 9. e5 h6 10. Bh4 g5 11. fxg5 Nd5 12. Ne4 Qb6 13. c4 Qxb2 14. exd6 Ne3 15.
d7+ Bxd7 16. Nf6+ Qxf6 17. gxf6 Nxd1 18. Rxd1 Rg8 19. Be2 Rxg2 20. Kf1 Rg8 21.
Bf3 O-O-O 22. Bg3 e5 23. Kg2 Bc5 24. Rhe1 Bd4 25. Rd3 Kb7 26. Kh1 Rde8 27. Rb1+
Ka7 28. Be4 Be6 29. Bxc6 Rb8 30. Rdb3 Rxb3 31. axb3 Kb6 32. Be4 Kc5 33. Kg2 a5
34. Bh7 Rh8 35. Bc2 Rg8 36. Bh7 Rh8 37. Bc2 Rg8 1/2-1/2

[Event "Bundesliga 9495"]
[Site "Deutschland"]
[Date "1995.??.??"]
[Round "?.3"]
[White "Hoffmann, Michael"]
[Black "Casper, Thomas"]
[Result "1/2-1/2"]
[WhiteElo "2475"]
[BlackElo "2435"]
[PlyCount "50"]
[EventDate "1994.10.??"]
[EventType "team"]
[EventRounds "15"]
[EventCountry "GER"]
[SourceTitle "Bundesliga 9495"]
[Source "DeepChess"]
[SourceDate "2005.01.01"]
[SourceVersion "1"]
[SourceVersionDate "2005.01.01"]
[SourceQuality "1"]
[WhiteTeam "SV Castrop Rauxel 1923"]
[BlackTeam "SV Erfurt West 90"]
[WhiteTeamCountry "GER"]
[BlackTeamCountry "GER"]

1. c4 Nf6 2. Nf3 d6 3. g3 e5 4. Bg2 Be7 5. O-O c6 6. Nc3 O-O 7. Qc2 Re8 8. d4
Bf8 9. dxe5 dxe5 10. Rd1 Qc7 11. h3 Nbd7 12. Be3 h6 13. Rab1 Nb6 14. b3 Be6 15.
Nd2 Rad8 16. g4 Kh8 17. Nde4 Nbd7 18. Rd2 Bb4 19. Rd3 Nxe4 20. Nxe4 f5 21. gxf5
Bxf5 22. Rbd1 Be7 23. Qc3 Nf6 24. Rxd8 Rxd8 25. Rxd8+ Bxd8 1/2-1/2

[Event "Bundesliga 9495"]
[Site "Deutschland"]
[Date "1995.??.??"]
[Round "?.4"]
[White "Jasnikowski, Zbigniew"]
[Black "Libeau, Rene"]
[Result "1-0"]
[WhiteElo "2425"]
[BlackElo "2470"]
[PlyCount "73"]
[EventDate "1994.10.??"]
[EventType "team"]
[EventRounds "15"]
[EventCountry "GER"]
[SourceTitle "Bundesliga 9495"]
[Source "DeepChess"]
[SourceDate "2005.01.01"]
[SourceVersion "1"]
[SourceVersionDate "2005.01.01"]
[SourceQuality "1"]
[WhiteTeam "SV Erfurt West 90"]
[BlackTeam "SV Castrop Rauxel 1923"]
[WhiteTeamCountry "GER"]
[BlackTeamCountry "GER"]

1. d4 e6 2. c4 Nf6 3. Nf3 d5 4. Nc3 Be7 5. Bg5 h6 6. Bh4 O-O 7. e3 b6 8. Be2
Bb7 9. Bxf6 Bxf6 10. cxd5 exd5 11. b4 c6 12. O-O a5 13. bxa5 Rxa5 14. Qb3 Bc8
15. Rfd1 Be6 16. a4 Nd7 17. Qc2 Qa8 18. Rab1 c5 19. Bb5 Rc8 20. Qd2 c4 21. Ne1
Nf8 22. Qe2 Rd8 23. g3 Qc8 24. Rbc1 Ra7 25. Ng2 Ng6 26. f3 Bh3 27. Qf2 Qf5 28.
e4 dxe4 29. Nxe4 Bxd4 30. Rxd4 Rxd4 31. Qxd4 Qxf3 32. Ne3 Re7 33. Bc6 Qe2 34.
Nf2 Rxe3 35. Nxh3 Ne5 36. Nf4 Qe1+ 37. Rxe1 1-0

[Event "Bundesliga 9495"]
[Site "Deutschland"]
[Date "1995.??.??"]
[Round "?.5"]
[White "Appel, Ralf"]
[Black "Troyke, Christian"]
[Result "1-0"]
[WhiteElo "2430"]
[BlackElo "2355"]
[PlyCount "81"]
[EventDate "1994.10.??"]
[EventType "team"]
[EventRounds "15"]
[EventCountry "GER"]
[SourceTitle "Bundesliga 9495"]
[Source "DeepChess"]
[SourceDate "2005.01.01"]
[SourceVersion "1"]
[SourceVersionDate "2005.01.01"]
[SourceQuality "1"]
[WhiteTeam "SV Castrop Rauxel 1923"]
[BlackTeam "SV Erfurt West 90"]
[WhiteTeamCountry "GER"]
[BlackTeamCountry "GER"]

1. d4 Nf6 2. Nf3 g6 3. g3 Bg7 4. Bg2 O-O 5. O-O d6 6. Nc3 c5 7. dxc5 dxc5 8.
Qxd8 Rxd8 9. Be3 Nfd7 10. Rfd1 Nc6 11. Na4 Rb8 12. Ne1 Re8 13. c3 c4 14. Nc2
Nf6 15. Na3 Bf5 16. Nc5 Na5 17. Nb5 Ng4 18. Bf4 e5 19. Bd2 Bf8 20. Ne4 Bxe4 21.
Bxe4 Bc5 22. Be1 Nf6 23. Bc2 Nc6 24. Nd6 Bxd6 25. Rxd6 Kg7 26. Ba4 Red8 27.
Rad1 Rxd6 28. Rxd6 Ne7 29. f3 b5 30. Bc2 Rb7 31. Bf2 b4 32. cxb4 Rxb4 33. b3
cxb3 34. Bxb3 Nf5 35. Ra6 Rb7 36. Rxa7 Rxa7 37. Bxa7 Nd6 38. Bb8 Nfe8 39. a4 f6
40. a5 Nb5 41. a6 1-0

[Event "Bundesliga 9495"]
[Site "Deutschland"]
[Date "1995.??.??"]
[Round "?.6"]
[White "Voekler, Bernd"]
[Black "Dinstuhl, Volkmar"]
[Result "0-1"]
[WhiteElo "2350"]
[BlackElo "2350"]
[PlyCount "120"]
[EventDate "1994.10.??"]
[EventType "team"]
[EventRounds "15"]
[EventCountry "GER"]
[SourceTitle "Bundesliga 9495"]
[Source "DeepChess"]
[SourceDate "2005.01.01"]
[SourceVersion "1"]
[SourceVersionDate "2005.01.01"]
[SourceQuality "1"]
[WhiteTeam "SV Erfurt West 90"]
[BlackTeam "SV Castrop Rauxel 1923"]
[WhiteTeamCountry "GER"]
[BlackTeamCountry "GER"]

1. e4 c5 2. Nf3 d6 3. d4 cxd4 4. Nxd4 Nf6 5. Nc3 a6 6. Bc4 e6 7. O-O Be7 8. Bb3
b5 9. f4 Bb7 10. e5 dxe5 11. fxe5 Bc5 12. Be3 Bxd4 13. Bxd4 Nc6 14. exf6 Qxd4+
15. Qxd4 Nxd4 16. Rad1 Nxb3 17. axb3 gxf6 18. Rxf6 Rg8 19. g3 Ke7 20. Rf4 Rac8
21. Rfd4 Rc7 22. R1d2 h5 23. b4 Rg4 24. Rxg4 hxg4 25. Ne2 Be4 26. c3 Ra7 27.
Nd4 Ra8 28. Rd1 f5 29. Ra1 Bd5 30. Rd1 Kf6 31. Rf1 Rd8 32. Rd1 Bc4 33. Rd2 Ra8
34. Kf2 Rc8 35. Nc2 Ke7 36. Nd4 Rh8 37. Kg1 Kf6 38. Nc2 Ra8 39. Nd4 a5 40. b3
Bd5 41. bxa5 Rxa5 42. Kf2 Ra1 43. Nxb5 Bxb3 44. Rb2 Bc4 45. Nd6 Bd5 46. c4 Ba8
47. c5 Rc1 48. Ne8+ Ke7 49. Nc7 Be4 50. Na6 e5 51. Ke3 Rc3+ 52. Kd2 Rd3+ 53.
Ke2 f4 54. gxf4 exf4 55. Rb4 f3+ 56. Ke1 Re3+ 57. Kf2 Re2+ 58. Kf1 Bd3 59. Rb7+
Kf6 60. Nb4 Bc4 0-1

[Event "Bundesliga 9495"]
[Site "Deutschland"]
[Date "1995.??.??"]
[Round "?.7"]
[White "Hille, Ralph Ingo"]
[Black "Machelett, Heiko"]
[Result "0-1"]
[WhiteElo "2265"]
[BlackElo "2315"]
[PlyCount "78"]
[EventDate "1994.10.??"]
[EventType "team"]
[EventRounds "15"]
[EventCountry "GER"]
[SourceTitle "Bundesliga 9495"]
[Source "DeepChess"]
[SourceDate "2005.01.01"]
[SourceVersion "1"]
[SourceVersionDate "2005.01.01"]
[SourceQuality "1"]
[WhiteTeam "SV Castrop Rauxel 1923"]
[BlackTeam "SV Erfurt West 90"]
[WhiteTeamCountry "GER"]
[BlackTeamCountry "GER"]

1. d4 Nf6 2. g3 g6 3. Bg2 Bg7 4. e4 d6 5. Nc3 O-O 6. Nge2 Nc6 7. O-O e5 8. dxe5
dxe5 9. Bg5 Be6 10. Nd5 Bxd5 11. exd5 Ne7 12. c4 h6 13. Bd2 Nf5 14. Bc3 Re8 15.
Qc2 Qe7 16. b4 Rad8 17. Rfe1 Qd7 18. Rad1 Qc8 19. c5 b6 20. Nc1 Nd7 21. Nb3 Nd4
22. Bxd4 exd4 23. Bh3 Rxe1+ 24. Rxe1 Re8 25. Qd2 f5 26. Bf1 bxc5 27. bxc5 Kh7
28. Bb5 Re4 29. f3 Rxe1+ 30. Qxe1 Ne5 31. Kg2 Qd8 32. d6 cxd6 33. Nxd4 dxc5 34.
Ne6 Qd5 35. Nxg7 Kxg7 36. a4 Qxf3+ 37. Kg1 Qd5 38. Qe2 c4 39. Kf2 Qd4+ $138 0-1

[Event "Bundesliga 9495"]
[Site "Deutschland"]
[Date "1995.??.??"]
[Round "?.8"]
[White "Fuhrmann, Daniel"]
[Black "Doering, Thomas"]
[Result "1/2-1/2"]
[WhiteElo "2245"]
[BlackElo "2225"]
[PlyCount "85"]
[EventDate "1994.10.??"]
[EventType "team"]
[EventRounds "15"]
[EventCountry "GER"]
[SourceTitle "Bundesliga 9495"]
[Source "DeepChess"]
[SourceDate "2005.01.01"]
[SourceVersion "1"]
[SourceVersionDate "2005.01.01"]
[SourceQuality "1"]
[WhiteTeam "SV Erfurt West 90"]
[BlackTeam "SV Castrop Rauxel 1923"]
[WhiteTeamCountry "GER"]
[BlackTeamCountry "GER"]

1. d4 Nf6 2. c4 e6 3. Nf3 b6 4. g3 Ba6 5. Qc2 Bb7 6. Bg2 c5 7. d5 exd5 8. cxd5
Bxd5 9. Nc3 Bc6 10. O-O Be7 11. e4 d6 12. Bf4 Nh5 13. Be3 Nd7 14. Rad1 Qc7 15.
Qe2 O-O 16. Ng5 Nhf6 17. f4 h6 18. Nh3 Rfe8 19. g4 Bf8 20. Nf2 Nh7 21. h4 Rab8
22. g5 hxg5 23. hxg5 b5 24. Qg4 b4 25. Nd5 Bxd5 26. Rxd5 Nb6 27. Rdd1 d5 28. e5
Rbd8 29. Qg3 d4 30. Bc1 Nd5 31. Be4 g6 32. Ng4 Bg7 33. Qf3 Ne7 34. Nf6+ Bxf6
35. gxf6 Nc8 36. Qh3 Nxf6 37. exf6 Qd6 38. Rde1 Qxf6 39. Bd3 Nd6 40. b3 Rxe1
41. Rxe1 a5 42. Qg4 Kf8 43. Qg5 1/2-1/2

[Event "Bundesliga 9495"]
[Site "Deutschland"]
[Date "1995.??.??"]
[Round "?.1"]
[White "Schmittdiel, Eckhard"]
[Black "Watson, William N"]
[Result "1/2-1/2"]
[WhiteElo "2485"]
[BlackElo "2550"]
[PlyCount "104"]
[EventDate "1994.10.??"]
[EventType "team"]
[EventRounds "15"]
[EventCountry "GER"]
[SourceTitle "Bundesliga 9495"]
[Source "DeepChess"]
[SourceDate "2005.01.01"]
[SourceVersion "1"]
[SourceVersionDate "2005.01.01"]
[SourceQuality "1"]
[WhiteTeam "SV Tuebingen 1870 e.V."]
[BlackTeam "SV Castrop Rauxel 1923"]
[WhiteTeamCountry "GER"]
[BlackTeamCountry "GER"]

1. e4 d6 2. d4 g6 3. Nc3 Bg7 4. Be3 c6 5. Nge2 Nd7 6. g3 Ngf6 7. Bg2 Ng4 8. Bc1
e5 9. h3 Ngf6 10. Be3 O-O 11. O-O Qc7 12. f4 b5 13. dxe5 dxe5 14. f5 Rd8 15.
Qc1 b4 16. Nd1 Ba6 17. c4 bxc3 18. Ndxc3 Nb6 19. Rf2 Rd3 20. Bh6 Rad8 21. Qg5
Qe7 22. Raf1 R8d6 23. g4 Nc4 24. Bxg7 Kxg7 25. Qh4 h6 26. fxg6 fxg6 27. g5 hxg5
28. Qxg5 Nd2 29. Re1 Nd5 30. Qxe7+ Nxe7 31. Nc1 R3d4 32. b3 Bb5 33. Re3 Ng8 34.
N1e2 Rd3 35. Rg3 Nf6 36. Rg5 Re6 37. Rg3 Red6 38. Rg5 Re6 39. Rg3 Rxg3 40. Nxg3
Rd6 41. Kh2 Rd3 42. Re2 Kf7 43. Nxb5 cxb5 44. Nh1 b4 45. Nf2 Rd4 46. Re3 a5 47.
Nd3 Nd7 48. h4 Kg7 49. Kg1 Kh6 50. Bh3 Nf6 51. Nxe5 Ndxe4 52. Bf1 Rd5 1/2-1/2

[Event "Bundesliga 9495"]
[Site "Deutschland"]
[Date "1995.??.??"]
[Round "?.2"]
[White "King, Daniel J"]
[Black "Horvath, Tamas"]
[Result "1/2-1/2"]
[WhiteElo "2500"]
[BlackElo "2410"]
[PlyCount "82"]
[EventDate "1994.10.??"]
[EventType "team"]
[EventRounds "15"]
[EventCountry "GER"]
[SourceTitle "Bundesliga 9495"]
[Source "DeepChess"]
[SourceDate "2005.01.01"]
[SourceVersion "1"]
[SourceVersionDate "2005.01.01"]
[SourceQuality "1"]
[WhiteTeam "SV Castrop Rauxel 1923"]
[BlackTeam "SV Tuebingen 1870 e.V."]
[WhiteTeamCountry "GER"]
[BlackTeamCountry "GER"]

1. e4 c5 2. f4 d6 3. Nf3 Nf6 4. Nc3 Bg4 5. h3 Bxf3 6. Qxf3 Nfd7 7. d3 Nc6 8. g4
g6 9. h4 Bg7 10. Bh3 b5 11. O-O b4 12. Nd1 Qc7 13. Ne3 Nb6 14. g5 h6 15. Bg4
hxg5 16. hxg5 e6 17. Kg2 Nd4 18. Qf2 a5 19. a3 Nb5 20. a4 Nd4 21. Bd1 c4 22.
Ng4 Nd7 23. Be3 Nc6 24. d4 Ne7 25. Bf3 d5 26. Rh1 O-O-O 27. b3 Nb6 28. e5 Nf5
29. Bd2 c3 30. Be3 Nd7 31. Be2 Qb6 32. Bd3 Nb8 33. Bxf5 exf5 34. Nh2 Rh5 35.
Nf3 Rdh8 36. Rxh5 Rxh5 37. Qe2 Qa6 38. Qxa6+ Nxa6 39. Bf2 Kd7 40. Ne1 Bf8 41.
Nf3 Ke6 1/2-1/2

[Event "Bundesliga 9495"]
[Site "Deutschland"]
[Date "1995.??.??"]
[Round "?.3"]
[White "Kraut, Rainer"]
[Black "Hoffmann, Michael"]
[Result "1/2-1/2"]
[WhiteElo "2420"]
[BlackElo "2475"]
[PlyCount "40"]
[EventDate "1994.10.??"]
[EventType "team"]
[EventRounds "15"]
[EventCountry "GER"]
[SourceTitle "Bundesliga 9495"]
[Source "DeepChess"]
[SourceDate "2005.01.01"]
[SourceVersion "1"]
[SourceVersionDate "2005.01.01"]
[SourceQuality "1"]
[WhiteTeam "SV Tuebingen 1870 e.V."]
[BlackTeam "SV Castrop Rauxel 1923"]
[WhiteTeamCountry "GER"]
[BlackTeamCountry "GER"]

1. e4 c5 2. Nf3 e6 3. c3 d5 4. exd5 exd5 5. d4 Nc6 6. Bb5 Bd6 7. dxc5 Bxc5 8.
O-O Nge7 9. Nbd2 O-O 10. Nb3 Bd6 11. Bg5 Bg4 12. Be2 h6 13. Bh4 Re8 14. Re1 a5
15. a4 Qb6 16. Nfd4 Bxe2 17. Rxe2 Nxd4 18. Nxd4 Bc5 19. Bxe7 Bxe7 20. Qe1 Kf8
1/2-1/2

[Event "Bundesliga 9495"]
[Site "Deutschland"]
[Date "1995.??.??"]
[Round "?.4"]
[White "Libeau, Rene"]
[Black "Palkovi, Jozsef"]
[Result "1/2-1/2"]
[WhiteElo "2470"]
[BlackElo "2420"]
[PlyCount "72"]
[EventDate "1994.10.??"]
[EventType "team"]
[EventRounds "15"]
[EventCountry "GER"]
[SourceTitle "Bundesliga 9495"]
[Source "DeepChess"]
[SourceDate "2005.01.01"]
[SourceVersion "1"]
[SourceVersionDate "2005.01.01"]
[SourceQuality "1"]
[WhiteTeam "SV Castrop Rauxel 1923"]
[BlackTeam "SV Tuebingen 1870 e.V."]
[WhiteTeamCountry "GER"]
[BlackTeamCountry "GER"]

1. Nf3 Nf6 2. g3 b5 3. Bg2 Bb7 4. O-O e6 5. d3 d5 6. Nbd2 Be7 7. e4 dxe4 8.
dxe4 O-O 9. Qe2 a6 10. e5 Nd5 11. Ne4 Nd7 12. h4 c5 13. Bg5 Qc7 14. Rad1 h6 15.
Bxe7 Nxe7 16. Nd6 Bd5 17. Nh2 Bxg2 18. Kxg2 Nc6 19. f4 Nd4 20. Qh5 Nf6 21. exf6
Qxd6 22. fxg7 Kxg7 23. c3 Qc6+ 24. Kh3 Nf5 25. g4 Ne7 26. f5 f6 27. fxe6 Qxe6
28. Rde1 Qd6 29. Rd1 Qc7 30. Nf3 Ng6 31. Qf5 Rf7 32. h5 Nf4+ 33. Kh4 Ng2+ 34.
Kh3 Nf4+ 35. Kh4 Ng2+ 36. Kh3 Nf4+ 1/2-1/2

[Event "Bundesliga 9495"]
[Site "Deutschland"]
[Date "1995.??.??"]
[Round "?.5"]
[White "Zeller, Frank"]
[Black "Appel, Ralf"]
[Result "1/2-1/2"]
[WhiteElo "2350"]
[BlackElo "2430"]
[PlyCount "101"]
[EventDate "1994.10.??"]
[EventType "team"]
[EventRounds "15"]
[EventCountry "GER"]
[SourceTitle "Bundesliga 9495"]
[Source "DeepChess"]
[SourceDate "2005.01.01"]
[SourceVersion "1"]
[SourceVersionDate "2005.01.01"]
[SourceQuality "1"]
[WhiteTeam "SV Tuebingen 1870 e.V."]
[BlackTeam "SV Castrop Rauxel 1923"]
[WhiteTeamCountry "GER"]
[BlackTeamCountry "GER"]

1. e4 Nf6 2. e5 Nd5 3. d4 d6 4. Nf3 Bg4 5. Be2 e6 6. O-O Be7 7. c4 Nb6 8. Nc3
O-O 9. Be3 N8d7 10. b3 a6 11. exd6 cxd6 12. h3 Bh5 13. Qd2 Rc8 14. a4 Nf6 15.
a5 Nbd7 16. d5 e5 17. Rfc1 Nc5 18. Qa2 e4 19. Nd4 Bxe2 20. Qxe2 Re8 21. Rcb1
Bf8 22. Ra2 Qe7 23. Rd2 g6 24. Bg5 Qe5 25. Qe3 Bg7 26. Bf4 Qe7 27. Re1 Qd8 28.
Rb1 Nd3 29. Bh2 Qxa5 30. Nde2 b5 31. Ra2 Qd8 32. Rxa6 bxc4 33. Rxd6 Qa5 34. Qb6
Qxb6 35. Rxb6 cxb3 36. R1xb3 Nd7 37. Rc6 Ra8 38. Bg3 N7e5 39. Rc7 f5 40. Rbb7
Bf6 41. d6 Red8 42. Nd5 Rxd6 43. Nxf6+ Rxf6 44. Rg7+ Kf8 45. Rxh7 Rf7 46. Rh8+
Kg7 47. Rxf7+ Kxh8 48. Re7 Ra5 49. Bh4 Kg8 50. Bf6 Ra6 51. Bg5 1/2-1/2

[Event "Bundesliga 9495"]
[Site "Deutschland"]
[Date "1995.??.??"]
[Round "?.6"]
[White "Sehner, Norbert"]
[Black "Foessmeier, Ulrich"]
[Result "1-0"]
[WhiteElo "2410"]
[BlackElo "2310"]
[PlyCount "109"]
[EventDate "1994.10.??"]
[EventType "team"]
[EventRounds "15"]
[EventCountry "GER"]
[SourceTitle "Bundesliga 9495"]
[Source "DeepChess"]
[SourceDate "2005.01.01"]
[SourceVersion "1"]
[SourceVersionDate "2005.01.01"]
[SourceQuality "1"]
[WhiteTeam "SV Castrop Rauxel 1923"]
[BlackTeam "SV Tuebingen 1870 e.V."]
[WhiteTeamCountry "GER"]
[BlackTeamCountry "GER"]

1. c4 e6 2. g3 d5 3. Bg2 Nf6 4. Nf3 Be7 5. O-O O-O 6. d4 dxc4 7. Qc2 a6 8. a4
Bd7 9. Ne5 Bc6 10. Nxc6 Nxc6 11. e3 Na5 12. Na3 c5 13. dxc5 Rc8 14. Bd2 Rxc5
15. Bb4 Rh5 16. Bxa5 Qxa5 17. Bxb7 Bxa3 18. Rxa3 Rb8 19. Qxc4 Qb6 20. Rb3 Rc5
21. Rxb6 Rxc4 22. Bxa6 Rxb6 23. Bxc4 Rxb2 24. Ra1 Rb4 25. Bf1 Kf8 26. a5 Rb7
27. a6 Ra7 28. f3 Ke7 29. e4 Kd6 30. Rc1 Nd7 31. Bb5 Nc5 32. Kf2 Nb3 33. Rc6+
Ke7 34. Ke3 e5 35. Bf1 Nd4 36. Rb6 Kd7 37. Rb8 Kc7 38. Rh8 h6 39. Rh7 Ne6 40.
f4 exf4+ 41. gxf4 Kd6 42. f5 Nc5 43. Rxg7 Ke5 44. Rg8 Nxa6 45. Re8+ Kd6 46. e5+
Kd5 47. Bg2+ Kc5 48. Ra8 Rxa8 49. Bxa8 Nb8 50. f6 Nd7 51. Ke4 Nb6 52. Bb7 Nc4
53. Bc8 Nd2+ 54. Kf4 Nc4 55. Be6 1-0

[Event "Bundesliga 9495"]
[Site "Deutschland"]
[Date "1995.??.??"]
[Round "?.7"]
[White "Frick, Christoph"]
[Black "Dinstuhl, Volkmar"]
[Result "0-1"]
[WhiteElo "2280"]
[BlackElo "2350"]
[PlyCount "68"]
[EventDate "1994.10.??"]
[EventType "team"]
[EventRounds "15"]
[EventCountry "GER"]
[SourceTitle "Bundesliga 9495"]
[Source "DeepChess"]
[SourceDate "2005.01.01"]
[SourceVersion "1"]
[SourceVersionDate "2005.01.01"]
[SourceQuality "1"]
[WhiteTeam "SV Tuebingen 1870 e.V."]
[BlackTeam "SV Castrop Rauxel 1923"]
[WhiteTeamCountry "GER"]
[BlackTeamCountry "GER"]

1. Nc3 c5 2. e4 d6 3. g3 g6 4. Bg2 Bg7 5. d3 Nc6 6. Nh3 b6 7. e5 Bb7 8. exd6
Qxd6 9. O-O Nf6 10. Nf4 O-O 11. Be3 Qd7 12. Re1 Rad8 13. Nfd5 Nxd5 14. Nxd5 Ne5
15. Nc3 Bxg2 16. Kxg2 Qb7+ 17. f3 Rd7 18. Qe2 Nc6 19. Rad1 Rc8 20. Qf2 Nd4 21.
Bc1 Qa6 22. Bf4 b5 23. Ra1 b4 24. Ne4 Ne6 25. Bc1 c4 26. dxc4 Qxc4 27. Bd2 Bxb2
28. Rab1 Bd4 29. Be3 Bxe3 30. Rxe3 Qxa2 31. Rc1 Qb2 32. Ree1 a5 33. f4 Rdc7 34.
Kh3 Rxc2 0-1

[Event "Bundesliga 9495"]
[Site "Deutschland"]
[Date "1994.??.??"]
[Round "?.3"]
[White "Jasnikowski, Zbigniew"]
[Black "Lobron, Eric"]
[Result "0-1"]
[WhiteElo "2445"]
[BlackElo "2580"]
[PlyCount "78"]
[EventDate "1994.10.??"]
[EventType "team"]
[EventRounds "15"]
[EventCountry "GER"]
[SourceTitle "Bundesliga 9495"]
[Source "DeepChess"]
[SourceDate "2005.01.01"]
[SourceVersion "1"]
[SourceVersionDate "2005.01.01"]
[SourceQuality "1"]
[WhiteTeam "SV Erfurt West 90"]
[BlackTeam "SV Empor Berlin e.V."]
[WhiteTeamCountry "GER"]
[BlackTeamCountry "GER"]

1. d4 Nf6 2. c4 e6 3. Nf3 d5 4. Nc3 Nbd7 5. Bg5 c6 6. e3 Qa5 7. Qc2 Ne4 8. cxd5
Nxg5 9. Nxg5 exd5 10. Nxh7 Be7 11. f4 Qd8 12. Bd3 Nb6 13. O-O-O g6 14. Ng5 Bxg5
15. fxg5 Qxg5 16. Qf2 Be6 17. Qf4 Qxf4 18. exf4 Kd7 19. Rdf1 Bf5 20. Bxf5+ gxf5
21. Re1 Nc4 22. Nb1 Rag8 23. g3 Rh3 24. b3 Nd6 25. Nd2 Ne4 26. Nxe4 fxe4 27.
Reg1 Rgh8 28. Rg2 c5 29. dxc5 Kc6 30. b4 d4 31. Kd2 Kd5 32. a3 f5 33. Ke2 a5
34. bxa5 Ra8 35. Rb1 Rxa5 36. Rb3 Rh7 37. Kd1 Rxc5 38. Rgb2 e3 39. Rb6 Rhc7 0-1

[Event "Bundesliga 9495"]
[Site "Deutschland"]
[Date "1994.??.??"]
[Round "?.4"]
[White "Luther, Thomas"]
[Black "Mueller, Mat"]
[Result "1/2-1/2"]
[WhiteElo "2510"]
[BlackElo "2375"]
[PlyCount "77"]
[EventDate "1994.10.??"]
[EventType "team"]
[EventRounds "15"]
[EventCountry "GER"]
[SourceTitle "Bundesliga 9495"]
[Source "DeepChess"]
[SourceDate "2005.01.01"]
[SourceVersion "1"]
[SourceVersionDate "2005.01.01"]
[SourceQuality "1"]
[WhiteTeam "SV Empor Berlin e.V."]
[BlackTeam "SV Erfurt West 90"]
[WhiteTeamCountry "GER"]
[BlackTeamCountry "GER"]

1. d4 d5 2. c4 c6 3. Nf3 Nf6 4. Qc2 dxc4 5. Qxc4 Bf5 6. g3 e6 7. Bg2 Nbd7 8.
O-O Be7 9. Nc3 O-O 10. Bg5 Ne4 11. Bxe7 Qxe7 12. Rfd1 Nxc3 13. Qxc3 Be4 14.
Rac1 Rfd8 15. a3 Nf6 16. Ne5 Bxg2 17. Kxg2 Ne4 18. Qf3 Nd6 19. e3 f6 20. Nd3
Nf7 21. h4 Rd6 22. Nc5 Rad8 23. Rd3 Ne5 24. dxe5 Rxd3 25. Nxd3 Rxd3 26. exf6
Qxf6 27. Rc4 Qxf3+ 28. Kxf3 Kf7 29. Rd4 Rb3 30. Rd2 Ke7 31. Kf4 Rb5 32. g4 Rc5
33. h5 Rc4+ 34. e4 h6 35. f3 a5 36. Rg2 Rc5 37. Rd2 Kf6 38. Rd7 e5+ 39. Kg3
1/2-1/2

[Event "Bundesliga 9495"]
[Site "Deutschland"]
[Date "1994.??.??"]
[Round "?.6"]
[White "Muse, Mladen"]
[Black "Voekler, Bernd"]
[Result "1/2-1/2"]
[WhiteElo "2455"]
[BlackElo "2350"]
[PlyCount "109"]
[EventDate "1994.10.??"]
[EventType "team"]
[EventRounds "15"]
[EventCountry "GER"]
[SourceTitle "Bundesliga 9495"]
[Source "DeepChess"]
[SourceDate "2005.01.01"]
[SourceVersion "1"]
[SourceVersionDate "2005.01.01"]
[SourceQuality "1"]
[WhiteTeam "SV Empor Berlin e.V."]
[BlackTeam "SV Erfurt West 90"]
[WhiteTeamCountry "GER"]
[BlackTeamCountry "GER"]

1. d4 Nf6 2. Nf3 g6 3. Bg5 Bg7 4. Nbd2 d5 5. e3 O-O 6. Be2 Nbd7 7. O-O b6 8. b4
Bb7 9. c3 Qe8 10. Qb3 e5 11. Rfc1 Ne4 12. Nxe4 dxe4 13. Nxe5 Nxe5 14. dxe5 Qxe5
15. Bf4 Qe7 16. Qc4 Be5 17. Bxe5 Qxe5 18. Rd1 Rad8 19. b5 Bd5 20. Qd4 Qe7 21.
Qa4 Qc5 22. c4 Be6 23. Qxa7 Ra8 24. Qb7 f5 25. Rd4 Rfb8 26. Qc6 Qxc6 27. bxc6
Ra3 28. f3 Rxe3 29. Kf2 Rc3 30. fxe4 Rc2 31. exf5 Bxf5 32. Kf1 Rf8 33. Bf3 Be6
34. Kg1 Rxc4 35. Rd2 Ra4 36. a3 Rf6 37. Rd3 Ra8 38. Re1 Kf7 39. h3 Re8 40. Ree3
Bf5 41. Bd5+ Kf8 42. Rf3 Kg7 43. Rde3 Rxe3 44. Rxe3 Kf8 45. g4 Bc8 46. a4 h6
47. a5 bxa5 48. Ra3 Be6 49. Bg2 Ke7 50. Rxa5 Rf8 51. Ra7 Kd6 52. Ra1 Rb8 53.
Rd1+ Ke7 54. Be4 Kf6 55. Re1 1/2-1/2

[Event "Bundesliga 9495"]
[Site "Deutschland"]
[Date "1994.??.??"]
[Round "?.7"]
[White "Machelett, Heiko"]
[Black "Poldauf, Dirk"]
[Result "0-1"]
[WhiteElo "2240"]
[BlackElo "2445"]
[PlyCount "66"]
[EventDate "1994.10.??"]
[EventType "team"]
[EventRounds "15"]
[EventCountry "GER"]
[SourceTitle "Bundesliga 9495"]
[Source "DeepChess"]
[SourceDate "2005.01.01"]
[SourceVersion "1"]
[SourceVersionDate "2005.01.01"]
[SourceQuality "1"]
[WhiteTeam "SV Erfurt West 90"]
[BlackTeam "SV Empor Berlin e.V."]
[WhiteTeamCountry "GER"]
[BlackTeamCountry "GER"]

1. d4 Nf6 2. Nf3 g6 3. Bg5 Bg7 4. Nbd2 d6 5. c3 h6 6. Bh4 g5 7. Bg3 Nh5 8. e3
e6 9. Be2 O-O 10. Qc2 f5 11. O-O-O Qe7 12. Nb3 a5 13. Ne1 Nxg3 14. hxg3 a4 15.
Nd2 a3 16. b3 c5 17. Nc4 Nd7 18. dxc5 d5 19. Nd2 Nxc5 20. g4 fxg4 21. Bxg4 Rxf2
22. Nef3 Bd7 23. Rhf1 Bb5 24. c4 dxc4 25. bxc4 Ba4 26. Qg6 Be8 27. Qc2 Rxg2 28.
Rg1 Rxg1 29. Rxg1 Qf6 30. Nd4 Bg6 31. Qc3 Nd3+ 32. Kd1 Qf2 33. Bxe6+ Kh8 0-1